Good skiffs : how they're designed and built /

Na minha lista:
Detalhes bibliográficos
Autor principal: Stambaugh, Karl, 1954-
Formato: Livro
Idioma:English
Publicado em: Marblehead, Mass. : Devereux Books, c1998.
Assuntos:
LEADER 01100cam a2200301 a 4500
001 c000400139
003 CARM
005 20170926142617.0
008 170926s1998 maua b 000 0 eng
010 |a 98044425 
019 1 |a 14148999  |5 LACONCORD2021 
020 |a 0964007037 (pbk.) 
035 |a (OCoLC)39913442  |5 LACONCORD2021 
040 |a DLC  |b eng  |c DLC  |d DLC  |d LC 
050 0 0 |a VM355  |b .S73 1998 
082 0 0 |a 623.8/202  |2 21 
100 1 |a Stambaugh, Karl,  |d 1954- 
245 1 0 |a Good skiffs :  |b how they're designed and built /  |c Karl Stambaugh. 
260 |a Marblehead, Mass. :  |b Devereux Books,  |c c1998. 
300 |a x, 223 p. :  |b ill. ;  |c 28 cm. 
504 |a Includes bibliographical references. 
650 0 |a Skiffs  |x Design and construction. 
650 0 |a Boatbuilding. 
852 8 |b CARM  |p 0263890  |f BK 
852 8 |b SCAN  |h A3:AH32C0  |i F09539  |p 0263890  |f BK 
999 f f |i 0f317ea7-4be8-559b-b352-7eaa9ea7c924  |s 1c5d8f55-c340-57b5-a315-22a75ceb6d22 
952 f f |p Can circulate  |a CAVAL  |b CAVAL  |c CAVAL  |d CARM 1 Store  |i book  |m 0263890 
952 f f |a CAVAL  |b CAVAL  |c CAVAL  |d Unmapped Location  |e F09539  |f A3:AH32C0  |h Other scheme